000 00369nam a2200145Ia 4500
008 230917s9999||||xx |||||||||||||| ||und||
040 _e78468
_aMAIN
041 _aEnglish
082 _a340.1 S93E
100 _aStuart, Mackenzie
245 4 _aThe European communities and the role of law
260 _aLondon
_bStevens
_c1977
300 _axii, 125 p.
942 _cBK
999 _c222245
_d222245